Alfonso X el Sabio, impulsor del arte, la cultura y el humanismo : (Record no. 190535)

MARC details
000 -LEADER
campo de control de longitud fija 01458nam a2200325 4500
001 - NÚMERO DE CONTROL
campo de control 190535
003 - IDENTIFICADOR DE NÚMERO DE CONTROL
campo de control ES-MaACL
005 - FECHA Y HORA DE LA ÚLTIMA TRANSACCIÓN
campo de control 20250824010028.0
008 - DATOS DE LONGITUD FIJA--INFORMACIÓN GENERAL
campo de control de longitud fija 210820s1997 sp ag 001 0dspa
020 ## - NÚMERO INTERNACIONAL ESTÁNDAR DEL LIBRO
Número Internacional Estándar del Libro 84-923296-0-2
080 ## - NÚMERO DE LA CLASIFICACIÓN DECIMAL UNIVERSAL
Número de la Clasificación Decimal Universal 787.5.033(460)
245 00 - MENCIÓN DEL TÍTULO
Título Alfonso X el Sabio, impulsor del arte, la cultura y el humanismo :
Resto del título el arpa en la Edad Media española /
Mención de responsabilidad, etc. [dirección general de la obra, María Rosa Calvo-Manzano].
250 ## - MENCION DE EDICION
Mención de edición 1ª ed.
260 ## - PUBLICACIÓN, DISTRIBUCIÓN, ETC.
Lugar de publicación, distribución, etc. Madrid :
Nombre del editor, distribuidor, etc. Asociación Arpista Ludovico,
Fecha de publicación, distribución, etc. 1997.
300 ## - DESCRIPCIÓN FÍSICA
Extensión 367 p. :
Otras características físicas il., mús. ;
Dimensiones 30 cm.
490 1# - MENCIÓN DE SERIE
Mención de serie Colección "El arpa", opera omnia
504 ## - NOTA DE BIBLIOGRAFÍA, ETC.
Nota de bibliografía, etc. Referencias bibliográficas.
505 8# - NOTA DE CONTENIDO CON FORMATO
Nota de contenido con formato Contiene: Entorno histórico, económico, político y social . Entorno musical . Las músicas de las Cantigas de Santa María de Alfonso X el Sabio
597 ## - NOTA DE DESCRIPCIÓN FÍSICA
NOTA DE DESCRIPCIÓN FÍSICA Texto a 2 columnas.
600 04 - PUNTO DE ACCESO ADICIONAL DE MATERIA--NOMBRE DE PERSONA
Nombre de persona Alfonso
Numeración X,
Títulos y otros términos asociados al nombre Rey de Castilla
9 (RLIN) 19872
650 #7 - PUNTO DE ACCESO ADICIONAL DE MATERIA--TÉRMINO DE MATERIA
Término de materia o nombre geográfico como elemento de entrada Música para arpa
Fuente del encabezamiento o término embne
9 (RLIN) 173368
650 #4 - PUNTO DE ACCESO ADICIONAL DE MATERIA--TÉRMINO DE MATERIA
Término de materia o nombre geográfico como elemento de entrada Música-
Subdivisión geográfica España-
Subdivisión cronológica Hasta S.XV.
9 (RLIN) 147829
700 1# - ENTRADA AGREGADA--NOMBRE PERSONAL
Nombre de persona Calvo-Manzano, María Rosa.
9 (RLIN) 33892
830 1# - PUNTO DE ACCESO ADICIONAL DE SERIE-TÍTULO UNIFORME
Título uniforme Colección "El arpa", opera omnia
9 (RLIN) 225896
852 4# - LOCALIZACIÓN
Ubicación ES-MaACL
Número de control de estantería A-14727
Nota libre Encuadernación en cartoné
-- Dedicatoria autógrafa de la autora
itemnumber 197713
Ubicación en estantería Depósito 1
Signatura antigua Olim: N-7727
Donativo/Legado Donacion: María Rosa Calvo-Manzano
903 ## - NOMBRE PERSONAL DE DONANTE
9 33892
a Calvo-Manzano, María Rosa
e Donante
942 ## - ELEMENTOS DE ENTRADA SECUNDARIOS (KOHA)
Fuente del sistema de clasificación o colocación Clasificación decimal universal
Tipo de ítem Koha Libro impreso
Holdings
Estatus retirado Estado de pérdida Fuente del sistema de clasificación o colocación Estado de daño No para préstamo Colección Biblioteca de origen Biblioteca actual Ubicación en estantería Fecha de adquisición Fuente de adquisición Total de préstamos Signatura topográfica completa Código de barras Visto por última vez Precio de reemplazo Tipo de ítem Koha Nota pública
    Clasificación decimal universal     Libros con dedicatorias Biblioteca del Ateneo de Madrid Biblioteca del Ateneo de Madrid Depósito 1 20/08/2021 Donación   A-14727 1202658 23/02/2023 23/02/2023 Libro impreso Dedicatoria autógrafa de la autora